000 00467nam a22001817a 4500
003 LK-CoMWRAF
005 20230924170037.0
008 230924b1974 |||||||| |||| 00| 0 eng d
040 _aLK-CoMWRAF
_dLK-CoMWRAF
_eLK-CoMWRAF
041 _aeng
082 _a954.93
_bWIJ
100 _aWijetunga, W.M.K.
245 _aSri Lanka in transition
260 _aColombo:
_bAuthor,
_c1974
300 _a146, [2] p. : maps ; 19 cm
650 _aHISTORY-Sri Lanka
942 _cBK
999 _c3647
_d3647